[Event "Do it quickly! #02"]
[Site "SchemingMind.com"]
[Date "2012.08.28"]
[Round "-"]
[White "Orange Lion"]
[Black "Phillip Beckett"]
[Result "1-0"]
[WhiteCountry "NED"]
[BlackCountry "ENG"]
[WhiteElo "2269"]
[WhiteRD "81"]
[BlackElo "1561"]
[BlackRD "46"]
[GameID "316752"]

1. Nf3 Nf6 2. c4 e6 3. d4 d5 4. Nc3 Be7 5. Bg5 h6 6. Bh4 O-O 7. e3 Ne4 8. Bxe7 Qxe7 9. Rc1 Nxc3 10. Rxc3 c6
11. Bd3 dxc4 12. Bxc4 Nd7 13. O-O e5 14. Bb3 exd4 15. exd4 Nf6 16. Re1 Qd6 17. Ne5 Nd5 18. Rg3 Be6 19. Qd2 Kh8 20. Bc2 Nf6
21. Rf3 Nd7 22. Qd3 g6 23. Nxg6+ fxg6 24. Qxg6 Nf6 25. Rxf6 Rxf6 26. Qh7#
1-0

[Event "Do it quickly! #02"]
[Site "SchemingMind.com"]
[Date "2012.08.28"]
[Round "-"]
[White "Orange Lion"]
[Black "Michal Drus"]
[Result "1-0"]
[WhiteCountry "NED"]
[BlackCountry "POL"]
[WhiteElo "2294"]
[WhiteRD "84"]
[BlackElo "1639"]
[BlackRD "63"]
[GameID "316753"]

1. Nf3 c5 2. c4 g6 3. d4 Nf6 4. Nc3 Bg7 5. e4 d6 6. d5 Qa5 7. Bd2 O-O 8. h3 Bd7 9. Bd3 Na6 10. O-O e6
11. a3 exd5 12. cxd5 Rfe8 13. Re1 Qb6 14. Qc1 Rac8 15. Bc4 Nb8 16. Bf4 a6 17. Qc2 Nh5 18. Bh2 Bxc3 19. Qxc3 Bb5 20. Nd2 Nd7
21. a4 Bxc4 22. Nxc4 Qb4 23. Qxb4
1-0

[Event "Do it quickly! #02"]
[Site "SchemingMind.com"]
[Date "2012.08.29"]
[Round "-"]
[White "Orange Lion"]
[Black "eun77"]
[Result "1-0"]
[WhiteCountry "NED"]
[BlackCountry "ISR"]
[WhiteElo "2294"]
[WhiteRD "84"]
[BlackElo "1381"]
[BlackRD "66"]
[GameID "316754"]

1. Nf3 d5 2. c4 c6 3. d4 e6 4. Nc3 h6 5. Bf4 Bd6 6. Bxd6 Qxd6 7. e4 dxe4 8. Nxe4 Qd8 9. c5 Nf6 10. Nd6+ Kf8
11. Ne5 Qa5+ 12. Qd2 Qxd2+ 13. Kxd2 Nbd7 14. Nexf7 Rh7 15. Re1 Ne8 16. Nd8 Nxd6 17. Nxe6+ Kf7 18. cxd6 b5 19. Nc7 Rb8 20. Re7+ Kg8
21. Re8+ Kf7 22. Bd3 Nf6 23. Rd8 Nd5 24. Re1 g6 25. Nxd5 cxd5 26. Re7+ Kf6 27. Rf8+
1-0

[Event "Do it quickly! #02"]
[Site "SchemingMind.com"]
[Date "2012.08.28"]
[Round "-"]
[White "Orange Lion"]
[Black "dangerman1"]
[Result "0-1"]
[WhiteCountry "NED"]
[BlackCountry "ENG"]
[WhiteElo "2269"]
[WhiteRD "81"]
[BlackElo "2362"]
[BlackRD "97"]
[GameID "316755"]

1. Nf3 Nf6 2. c4 c5 3. Nc3 Nc6 4. g3 e5 5. Bg2 d6 6. O-O Be7 7. e3 Be6 8. b3 d5 9. Ng5 Bg4 10. f3 Bh5
11. g4 Bg6 12. cxd5 Nxd5 13. f4 Nxc3 14. dxc3 Bxg5 15. fxg5 Qxg5 16. e4 Qh4 17. Be3 h5 18. Bf2 Qg5 19. Bxc5 hxg4 20. Qd3 Qh5
21. Qg3 O-O-O 22. Rad1 f6 23. Rxd8+ Rxd8 24. Bf2 Kb8 25. Qe3 Bf7 26. Re1 Be6 27. Re2 Rh8 28. Bg3 Qf7 29. Rd2 b6 30. Qd3 Rd8
31. Qe2 Qc7 32. Bf1 Rxd2 33. Qxd2 Nd8 34. c4 Nb7 35. Bg2 Qc6 36. Bf2 Kc7 37. Qc2 Nc5
0-1

[Event "Do it quickly! #02"]
[Site "SchemingMind.com"]
[Date "2012.08.28"]
[Round "-"]
[White "Orange Lion"]
[Black "mtnewk"]
[Result "1-0"]
[WhiteCountry "NED"]
[BlackCountry "USA"]
[WhiteElo "2294"]
[WhiteRD "84"]
[BlackElo "1560"]
[BlackRD "80"]
[GameID "316756"]

1. Nf3 c5 2. c4 d6 3. d4 cxd4 4. Nxd4 Nf6 5. Nc3 g6 6. e4 Nc6 7. Nc2 Bg7 8. Be2 O-O 9. O-O Nd7 10. Bd2 Nc5
11. b4 Ne6 12. Rc1 b6 13. Nd5 Ned4 14. b5 Nxe2+ 15. Qxe2 Be6 16. bxc6 Rc8 17. Ncb4 Bxd5 18. cxd5 e6 19. Qc4 Qf6 20. c7
1-0

[Event "Do it quickly! #02"]
[Site "SchemingMind.com"]
[Date "2012.09.02"]
[Round "-"]
[White "emvarela"]
[Black "Orange Lion"]
[Result "0-1"]
[WhiteCountry "ARG"]
[BlackCountry "NED"]
[WhiteElo "1717"]
[WhiteRD "50"]
[BlackElo "2294"]
[BlackRD "84"]
[GameID "316757"]

1. e4 c5 2. Nf3 Nc6 3. d4 cxd4 4. c3 d3 5. Bxd3 d6 6. Nbd2 Nf6 7. O-O g6 8. Nd4 Bg7 9. Nxc6 bxc6 10. Nf3 e5
11. Bg5 h6 12. Bxf6 Qxf6 13. Qa4 Bd7 14. b4 O-O 15. c4 Rfd8 16. c5 Bg4 17. Be2 d5 18. exd5 e4 19. Nd4 Qxd4 20. Bxg4 e3
21. Rad1 exf2+ 22. Rxf2 Qxg4
0-1

[Event "Do it quickly! #02"]
[Site "SchemingMind.com"]
[Date "2012.08.28"]
[Round "-"]
[White "Phillip Beckett"]
[Black "Orange Lion"]
[Result "0-1"]
[WhiteCountry "ENG"]
[BlackCountry "NED"]
[WhiteElo "1561"]
[WhiteRD "46"]
[BlackElo "2269"]
[BlackRD "81"]
[GameID "316758"]

1. e4 c5 2. Nf3 Nc6 3. d4 cxd4 4. Nxd4 Nf6 5. Nc3 e6 6. Bg5 Bb4 7. Nb5 O-O 8. a3 Bc5 9. Be2 a6 10. Nd6 Qc7
11. Nxc8 Rfxc8 12. O-O Bd4 13. Na4 Nxe4 14. Bh4 Qf4 15. Bg3 Nxg3 16. hxg3 Qxg3 17. Qxd4 Nxd4 18. fxg3 Nxe2+ 19. Kh2 Rxc2 20. Nb6 Rd8
21. b4 Rc6 22. Rf2 Nc3 23. Rc1 d5 24. Rfc2 d4 25. Na4 Nxa4 26. Rxc6 bxc6
0-1

[Event "Do it quickly! #02"]
[Site "SchemingMind.com"]
[Date "2012.08.29"]
[Round "-"]
[White "Michal Drus"]
[Black "Orange Lion"]
[Result "0-1"]
[WhiteCountry "POL"]
[BlackCountry "NED"]
[WhiteElo "1645"]
[WhiteRD "57"]
[BlackElo "2269"]
[BlackRD "81"]
[GameID "316759"]

1. e4 c5 2. Nf3 Nc6 3. d4 cxd4 4. Nxd4 e5 5. Nc3 Nxd4 6. Bc4 Qc7 7. Qd3 Nxc2+ 8. Qxc2 Qxc4 9. Bd2 Nf6 10. b3 Qc6
11. O-O-O d5 12. exd5 Nxd5
0-1

[Event "Do it quickly! #02"]
[Site "SchemingMind.com"]
[Date "2012.08.29"]
[Round "-"]
[White "eun77"]
[Black "Orange Lion"]
[Result "0-1"]
[WhiteCountry "ISR"]
[BlackCountry "NED"]
[WhiteElo "1381"]
[WhiteRD "66"]
[BlackElo "2294"]
[BlackRD "84"]
[GameID "316760"]

1. e4 e6 2. Nf3 d5 3. exd5 exd5 4. h3 Nf6 5. Be2 Bd6 6. O-O O-O 7. Nh2 Bf5 8. Re1 c5 9. d3 Nc6 10. a3 Re8
11. Kh1 Nd4 12. Be3 Nxe2 13. Rxe2 Qb6 14. b3 Bxh2 15. Kxh2 Qd6+ 16. Kg1 Qe5 17. Nd2 d4 18. Nf3 Qe6 19. Re1 dxe3 20. Rxe3 Qc6
21. Rxe8+ Rxe8 22. Qd2 Bxh3 23. Re1 Rxe1+ 24. Qxe1 Be6 25. c4 Qd6 26. Nh2 Qxd3
0-1

[Event "Do it quickly! #02"]
[Site "SchemingMind.com"]
[Date "2012.08.28"]
[Round "-"]
[White "dangerman1"]
[Black "Orange Lion"]
[Result "1-0"]
[WhiteCountry "ENG"]
[BlackCountry "NED"]
[WhiteElo "2362"]
[WhiteRD "97"]
[BlackElo "2269"]
[BlackRD "81"]
[GameID "316761"]

1. e4 c5 2. Nf3 Nc6 3. Bb5 d6 4. d4 cxd4 5. Nxd4 Bd7 6. Nc3 Nf6 7. O-O g6 8. Be3 Bg7 9. h3 O-O 10. Nf3 Rc8
11. Bd3 Be6 12. Ng5 d5 13. exd5 Bxd5 14. Qe2 Nb4 15. Rad1 Qa5 16. Bb5 e6 17. Bd2 Bc6 18. Bxc6 Nxc6 19. Nf3 Rfd8 20. Rfe1 Nh5
21. a3 Nd4 22. Nxd4 Rxd4 23. g4 Nf4 24. Qf3 Nd5 25. Ne4 Qb6 26. c3 Rdc4 27. Be3 Qc7 28. Bg5 h6 29. Bh4 f5 30. Nd2 Rc6
31. gxf5 gxf5 32. Bg3 Qf7 33. Kh1 Rd8 34. Nb3 f4 35. Bh4 Rd7 36. Rg1 Kh8 37. Kh2 e5 38. Qe4
1-0

[Event "Do it quickly! #02"]
[Site "SchemingMind.com"]
[Date "2012.08.28"]
[Round "-"]
[White "mtnewk"]
[Black "Orange Lion"]
[Result "0-1"]
[WhiteCountry "USA"]
[BlackCountry "NED"]
[WhiteElo "1560"]
[WhiteRD "80"]
[BlackElo "2294"]
[BlackRD "84"]
[GameID "316762"]

1. d4 Nf6 2. c4 e6 3. Nc3 Bb4 4. e3 O-O 5. Bd3 c5 6. Nf3 d5 7. O-O Nc6 8. a3 Bxc3 9. bxc3 Qc7 10. Qc2 dxc4
11. Bxc4 e5 12. Rd1 Bg4 13. h3 Bxf3 14. gxf3 exd4 15. cxd4 cxd4 16. exd4 Rac8 17. Qe2 Qd7 18. Qf1 Nd5 19. Bxd5 Qxd5 20. Qd3 Rfe8
21. Bb2 Rcd8 22. Rab1 Ne5 23. Qc3 Nxf3+ 24. Kf1 Nh4 25. Qg3 Qh1+ 26. Qg1 Qxh3+
0-1